Fast Typing A-Z 19 Times - 15 Second Sprint - Statistics

General Stats
  • This quiz has been taken 12 times
  • The average score is 31 of 494
Answer Stats
letter % Correct
a
100%
b
86%
c
86%
d
86%
e
71%
f
71%
g
71%
h
71%
i
71%
j
71%
k
71%
l
71%
m
71%
n
71%
o
71%
p
71%
q
71%
r
57%
s
57%
t
57%
u
43%
v
43%
w
43%
x
43%
y
43%
z
43%
a
29%
a
29%
b
29%
b
29%
c
29%
c
29%
d
29%
d
29%
e
29%
e
29%
f
29%
f
29%
g
29%
g
29%
h
29%
h
29%
i
29%
i
29%
j
29%
j
29%
k
29%
k
29%
l
29%
l
29%
m
29%
m
29%
n
29%
n
29%
o
29%
o
29%
p
29%
p
29%
q
29%
q
29%
r
29%
r
29%
s
29%
s
29%
t
29%
t
29%
u
29%
u
29%
v
29%
v
29%
w
29%
x
29%
y
29%
z
29%
w
14%
a
0%
a
0%
a
0%
a
0%
a
0%
a
0%
a
0%
a
0%
a
0%
a
0%
a
0%
a
0%
a
0%
a
0%
a
0%
a
0%
b
0%
b
0%
b
0%
b
0%
b
0%
b
0%
b
0%
b
0%
b
0%
b
0%
b
0%
b
0%
b
0%
b
0%
b
0%
b
0%
c
0%
c
0%
c
0%
c
0%
c
0%
c
0%
c
0%
c
0%
c
0%
c
0%
c
0%
c
0%
c
0%
c
0%
c
0%
c
0%
d
0%
d
0%
d
0%
d
0%
d
0%
d
0%
d
0%
d
0%
d
0%
d
0%
d
0%
d
0%
d
0%
d
0%
d
0%
d
0%
e
0%
e
0%
e
0%
e
0%
e
0%
e
0%
e
0%
e
0%
e
0%
e
0%
e
0%
e
0%
e
0%
e
0%
e
0%
e
0%
f
0%
f
0%
f
0%
f
0%
f
0%
f
0%
f
0%
f
0%
f
0%
f
0%
f
0%
f
0%
f
0%
f
0%
f
0%
f
0%
g
0%
g
0%
g
0%
g
0%
g
0%
g
0%
g
0%
g
0%
g
0%
g
0%
g
0%
g
0%
g
0%
g
0%
g
0%
g
0%
h
0%
h
0%
h
0%
h
0%
h
0%
h
0%
h
0%
h
0%
h
0%
h
0%
h
0%
h
0%
h
0%
h
0%
h
0%
h
0%
i
0%
i
0%
i
0%
i
0%
i
0%
i
0%
i
0%
i
0%
i
0%
i
0%
i
0%
i
0%
i
0%
i
0%
i
0%
i
0%
j
0%
j
0%
j
0%
j
0%
j
0%
j
0%
j
0%
j
0%
j
0%
j
0%
j
0%
j
0%
j
0%
j
0%
j
0%
j
0%
k
0%
k
0%
k
0%
k
0%
k
0%
k
0%
k
0%
k
0%
k
0%
k
0%
k
0%
k
0%
k
0%
k
0%
k
0%
k
0%
l
0%
l
0%
l
0%
l
0%
l
0%
l
0%
l
0%
l
0%
l
0%
l
0%
l
0%
l
0%
l
0%
l
0%
l
0%
l
0%
m
0%
m
0%
m
0%
m
0%
m
0%
m
0%
m
0%
m
0%
m
0%
m
0%
m
0%
m
0%
m
0%
m
0%
m
0%
m
0%
n
0%
n
0%
n
0%
n
0%
n
0%
n
0%
n
0%
n
0%
n
0%
n
0%
n
0%
n
0%
n
0%
n
0%
n
0%
n
0%
o
0%
o
0%
o
0%
o
0%
o
0%
o
0%
o
0%
o
0%
o
0%
o
0%
o
0%
o
0%
o
0%
o
0%
o
0%
o
0%
p
0%
p
0%
p
0%
p
0%
p
0%
p
0%
p
0%
p
0%
p
0%
p
0%
p
0%
p
0%
p
0%
p
0%
p
0%
p
0%
q
0%
q
0%
q
0%
q
0%
q
0%
q
0%
q
0%
q
0%
q
0%
q
0%
q
0%
q
0%
q
0%
q
0%
q
0%
q
0%
r
0%
r
0%
r
0%
r
0%
r
0%
r
0%
r
0%
r
0%
r
0%
r
0%
r
0%
r
0%
r
0%
r
0%
r
0%
r
0%
s
0%
s
0%
s
0%
s
0%
s
0%
s
0%
s
0%
s
0%
s
0%
s
0%
s
0%
s
0%
s
0%
s
0%
s
0%
s
0%
t
0%
t
0%
t
0%
t
0%
t
0%
t
0%
t
0%
t
0%
t
0%
t
0%
t
0%
t
0%
t
0%
t
0%
t
0%
t
0%
u
0%
u
0%
u
0%
u
0%
u
0%
u
0%
u
0%
u
0%
u
0%
u
0%
u
0%
u
0%
u
0%
u
0%
u
0%
u
0%
v
0%
v
0%
v
0%
v
0%
v
0%
v
0%
v
0%
v
0%
v
0%
v
0%
v
0%
v
0%
v
0%
v
0%
v
0%
v
0%
w
0%
w
0%
w
0%
w
0%
w
0%
w
0%
w
0%
w
0%
w
0%
w
0%
w
0%
w
0%
w
0%
w
0%
w
0%
w
0%
x
0%
x
0%
x
0%
x
0%
x
0%
x
0%
x
0%
x
0%
x
0%
x
0%
x
0%
x
0%
x
0%
x
0%
x
0%
x
0%
x
0%
y
0%
y
0%
y
0%
y
0%
y
0%
y
0%
y
0%
y
0%
y
0%
y
0%
y
0%
y
0%
y
0%
y
0%
y
0%
y
0%
y
0%
z
0%
z
0%
z
0%
z
0%
z
0%
z
0%
z
0%
z
0%
z
0%
z
0%
z
0%
z
0%
z
0%
z
0%
z
0%
z
0%
z
0%
No matching quizzes found
Score Distribution
Percent of People with Each Score
Percentile by Number Answered
Your Score History
You have not taken this quiz